000 00379pab a2200157 454500
008 180718b1998-99 xxu||||| |||| 00| 0 eng d
100 _aBurea, Stiofan De
245 _aChanging management practice
260 _c1998-99
300 _ap.84-104
362 _aWinter
650 _aOrganizational change
650 _aManagement
773 _aAdministration
909 _a40767
999 _c40767
_d40767